Five Letter Geography - G - Statistics

General Stats
  • This quiz has been taken 69 times
    21 since last reset
  • The average score is 6 of 10
Answer Stats
Hint Answer % Correct
Country in Africa with the capital Accra Ghana
95%
18th President of the United States Ulysses {Grant}
95%
Small scale representation of the Earth Globe
90%
African country just below the Equator Gabon
85%
Green plant founded over the ground Grass
85%
Basaltic plateau in Syria: _____ Heights Golan
65%
A hollow rock containing crystals Geode
30%
One of the biggest states of Brazil Goias
20%
Chinese province bordering Xinjiang Gansu
10%
One of the Northern provinces of Iran Gilan
0%
No matching quizzes found
Score Distribution
Percent of People with Each Score
Percentile by Number Answered
Your Score History
You have not taken this quiz since the last reset